| 000 | 00345nam a2200121Ia 4500 | ||
|---|---|---|---|
| 008 | 220901s9999||||xx |||||||||||||| ||und|| | ||
| 082 | _a510 KHA | ||
| 100 | _aKannan, V | ||
| 245 | 0 | _aindian journal of pure & applied mathematics | |
| 250 | _aVol. 42 Issue. 4, 5 & 6 | ||
| 260 |
_bIndian Academy Science & Springer _c2011 |
||
| 650 | _aMathematics | ||
| 999 |
_c193992 _d193992 |
||